| 000 | 00553cam a22002053 4500 | ||
|---|---|---|---|
| 001 | sa 68003151 | ||
| 003 | DLC | ||
| 005 | 20260227112450.0 | ||
| 008 | 070906s1967 xx c 000 0 hin | ||
| 010 | _asa 68003151 | ||
| 040 |
_aDLC _cDLC _dDLC |
||
| 050 | 0 | 0 |
_aPK2098.P7 _bZ84 1967 |
| 100 | 1 |
_aPandey, Sudhakar, _d1927- |
|
| 245 | 1 | 0 | _aPrasāda kī kavitāem̐. |
| 260 | _c[1967] | ||
| 300 |
_a411 p. : _bport. ; _c23 cm. |
||
| 500 | _aIn Hindi. | ||
| 500 | _aBibliographical footnotes. | ||
| 600 | 1 | 0 |
_aPrasad, Jai Shankar, _d1889-1937 _xPoetic works. |
| 999 |
_c79272 _d79272 |
||